Essentials of micro and macroeconomics / (Record no. 1637)

MARC details
000 -LEADER
fixed length control field 00666cam a22002412 4500
001 - CONTROL NUMBER
control field 0000021056
003 - CONTROL NUMBER IDENTIFIER
control field OSt
005 - DATE AND TIME OF LATEST TRANSACTION
control field 20170526115808.0
008 - FIXED-LENGTH DATA ELEMENTS--GENERAL INFORMATION
fixed length control field 120110s xx 000 0 eng d
020 ## - INTERNATIONAL STANDARD BOOK NUMBER
International Standard Book Number 8173814678 :
040 ## - CATALOGING SOURCE
Original cataloging agency KABU
Transcribing agency KABU
100 1# - MAIN ENTRY--PERSONAL NAME
Personal name Mukherjee, Debes.
245 10 - TITLE STATEMENT
Title Essentials of micro and macroeconomics /
Statement of responsibility, etc. Debes Mukherjee.
250 ## - EDITION STATEMENT
Edition statement Rev. 2nd ed.
260 ## - PUBLICATION, DISTRIBUTION, ETC. (IMPRINT)
Place of publication, distribution, etc. Kolkata, India :
Name of publisher, distributor, etc. New Central Book Agency,
Date of publication, distribution, etc. 2006.
300 ## - PHYSICAL DESCRIPTION
Extent xxii, 416 p.
650 #0 - SUBJECT ADDED ENTRY--TOPICAL TERM
Topical term or geographic name as entry element Economics.
650 #0 - SUBJECT ADDED ENTRY--TOPICAL TERM
Topical term or geographic name as entry element Microeconomics.
650 #0 - SUBJECT ADDED ENTRY--TOPICAL TERM
Topical term or geographic name as entry element Macroeconomics.
908 ## - PUT COMMAND PARAMETER (RLIN)
Put command parameter 120110
942 ## - ADDED ENTRY ELEMENTS (KOHA)
Source of classification or shelving scheme Library of Congress Classification
Koha item type General Collection
Holdings
Withdrawn status Lost status Source of classification or shelving scheme Not for loan Home library Current library Date acquired Total Checkouts Total Renewals Full call number Barcode Date last seen Date last checked out Copy number Price effective from Koha item type
    Library of Congress Classification   Kabarak, Main Campus Kabarak, Main Campus 21/10/2015 25 1 HB171.5 .M85 2006 c. 1 20331 21/03/2025 06/03/2025 c.1 21/10/2015 General Collection
Designed with assistance from East African Informatics Ltd